| 000 | 00832nam a2200181 u 4500 | ||
|---|---|---|---|
| 001 | 000552393 | ||
| 003 | AM-YeHGA | ||
| 005 | 20250617140101.0 | ||
| 008 | 071003s1939 ai r 000 0 arm d | ||
| 040 | _aAM-YeHGA | ||
| 041 | 1 | _aarm | |
| 245 | 0 | 0 |
_aԿանոնադրություն հասարակական սանիտարական լիազորների մասին կոլտնտեսություններում, խորհտնտեսություններում ՄՏԿ-ներում / _cՀայկական ԽՍՀ Առժողկոմատի սանլուս բաժին. |
| 260 |
_aՅերեվան : _bԱ. հ., _c1939. |
||
| 300 |
_a12 էջ ; _c14 սմ. |
||
| 650 | 1 | 4 |
_aԱռողջապահություն _vՍանիտարական տեսչություն |
| 710 | 2 | _aՀայկական ԽՍՀ Առժողկոմատի սանլուս բաժին | |
| 090 | _c214560 | ||
| 999 |
_c213046 _d213046 |
||